Vista normal
Vista MARC
Entrada Nombre geográfico
Número de registros utilizados en: 15
001 - NÚMERO DE CONTROL
- campo de control: 4510
003 - IDENTIFICADOR DE NÚMERO DE CONTROL
- campo de control: PE-LiUPU
005 - FECHA Y HORA DE LA ÚLTIMA TRANSACCIÓN
- campo de control: 20241029113717.0
008 - ELEMENTOS DE DATO DE LONGITUD-FIJA
- campo de control de longitud fija: 241029|| aca||aabn | a|a d
040 ## - FUENTE DE CATALOGACIÓN
- Centro catalogador/agencia de origen: PE-LiUPU
151 ## - ENCABEZAMIENTO--NOMBRE GEOGRÁFICO
- Nombre geográfico: Perú
- Subdivisión general: Historia
- Subdivisión cronológica: Emancipación, 1808-1824.